Statistics for Countries with Jordanian embassies

Click here to take the quiz!

General Stats

  • This quiz has been taken 80 times
  • The average score is 39 of 48

Answer Stats

ContinentCountry% Correct
AfricaEgypt
95%
South AmericaBrazil
94%
North AmericaCanada
94%
AsiaOman
94%
AsiaSaudi Arabia
94%
North AmericaUnited States of America
94%
AfricaAlgeria
91%
OceaniaAustralia
91%
AsiaChina
91%
EuropeGermany
91%
AsiaQatar
91%
Asia/ EuropeTurkey
91%
AsiaUnited Arab Emirates
91%
EuropeFrance
89%
EuropeUnited Kingdom
89%
AsiaIraq
88%
Asia/ EuropeRussia
88%
AsiaYemen
88%
AsiaIran
86%
AsiaJapan
86%
AsiaKuwait
86%
EuropeSpain
86%
AsiaBahrain
85%
AsiaIndia
83%
AsiaIndonesia
83%
AsiaPakistan
83%
AsiaLebanon
82%
North AmericaMexico
82%
AsiaSyria
82%
South AmericaChile
80%
AfricaTunisia
80%
AsiaIsrael
79%
EuropeItaly
79%
AfricaSudan
79%
AfricaMorocco
77%
AsiaSouth Korea
76%
EuropeBelgium
74%
AfricaLibya
74%
EuropeGreece
71%
EuropeAustria
70%
EuropeSwitzerland
70%
AsiaMalaysia
68%
AfricaSouth Africa
68%
Europethe Netherlands
61%
EuropeRomania
58%
AsiaKazakhstan
53%
AsiaPalestine
45%
AsiaUzbekistan
45%

Score Distribution

Percentile by Number Answered

Percent of People with Each Score

Your Score History

You have not taken this quiz